Analysis and evaluation of conceptual models of nursing / (Record no. 3)

MARC details
000 -LEADER
fixed length control field 00740nam a2200241 a 4500
005 - DATE AND TIME OF LATEST TRANSACTION
control field 20260322212002.0
008 - FIXED-LENGTH DATA ELEMENTS--GENERAL INFORMATION
fixed length control field data
010 ## - LIBRARY OF CONGRESS CONTROL NUMBER
LC control number 83005340
020 ## - INTERNATIONAL STANDARD BOOK NUMBER
International Standard Book Number 0803634099 :
Terms of availability {dollar}19.95 (est.)
020 ## - INTERNATIONAL STANDARD BOOK NUMBER
International Standard Book Number 9780803634091 :
Terms of availability {dollar}19.95 (est.)
050 0# - LIBRARY OF CONGRESS CALL NUMBER
Classification number RT84.5
Item number .F38 1984
060 ## - NATIONAL LIBRARY OF MEDICINE CALL NUMBER
Classification number WY 100 F278a
001 - CONTROL NUMBER
control field data
100 1# - MAIN ENTRY--PERSONAL NAME
Personal name Fawcett, Jacqueline.
245 10 - TITLE STATEMENT
Title Analysis and evaluation of conceptual models of nursing /
Statement of responsibility, etc. Jacqueline Fawcett.
260 0# - PUBLICATION, DISTRIBUTION, ETC.
Place of publication, distribution, etc. Philadelphia :
Name of publisher, distributor, etc. F.A. Davis,
Date of publication, distribution, etc. c1984.
300 ## - PHYSICAL DESCRIPTION
Extent ix, 307 p. ;
Dimensions 24 cm.
504 ## - BIBLIOGRAPHY, ETC. NOTE
Bibliography, etc. note Includes bibliographical references and index.
590 ## - LOCAL NOTE (RLIN)
Local note Includes bibliographies and index.
650 #0 - SUBJECT ADDED ENTRY--TOPICAL TERM
Topical term or geographic name entry element Nursing
General subdivision Philosophy.
650 #2 - SUBJECT ADDED ENTRY--TOPICAL TERM
Topical term or geographic name entry element Nursing.
650 #2 - SUBJECT ADDED ENTRY--TOPICAL TERM
Topical term or geographic name entry element Models, Theoretical.
Holdings
Withdrawn status Lost status Damaged status Not for loan Home library Current library Shelving location Date acquired Total checkouts Full call number Barcode Date last seen Price effective from Koha item type
        Franklin Franklin General stacks 22/03/2026   RT84.5 .F38 1984 BC0010003 22/03/2026 22/03/2026 Books